Czescy sportowcy - nagła śmierć - Statystyki

Ogólne statystyki
  • Ten quiz został rozwiązany 49 razy
  • Średni wynik to 11 z 20
Answers on the Grid
Answers color-coded by a green-red scale on the quiz's grid according to % correct below.
Petr Čech
Jan Oblak
Petra Kvitová
Sebastian Vettel
Gregor Schlierenzauer
Marek Hamšík
Roman Koudelka
Petra Majdič
Pavel Nedvěd
Milan Baroš
Luka Dončić
Tomáš Pekhart
Andriy Shevchenko
Peter Sagan
Tomáš Rosický
Simon Ammann
Jakub Janda
Adam Hloušek
Ján Mucha
Barbora Krejčíková
Luka Zahovič
Jan Matura
Patrik Mráz
Tomáš Jirsák
Michal Papadopulos
Novak Djokovic
Marin Čilić
Tomáš Berdych
Sandra Perković
Lukáš Hlava
Ester Ledecká
Petra Vlhová
Luka Modrić
Michal Doležal
Lukáš Haraslín
Tomáš Petrášek
Róbert Pich
Emmanuel Chedal
Antonín Hájek
Petr Schwarz
 
Statystyki odpowiedzi
Odpowiedź % Poprawnych
Petr Čech
98%
Pavel Nedvěd
80%
Tomáš Rosický
78%
Roman Koudelka
73%
Milan Baroš
71%
Petra Kvitová
71%
Adam Hloušek
59%
Jakub Janda
59%
Jan Matura
59%
Tomáš Pekhart
59%
Antonín Hájek
46%
Barbora Krejčíková
46%
Tomáš Jirsák
46%
Lukáš Hlava
41%
Michal Doležal
39%
Tomáš Berdych
39%
Ester Ledecká
37%
Tomáš Petrášek
34%
Michal Papadopulos
17%
Petr Schwarz
12%
Nie znaleziono quizów pasujących do podanych kryteriów
Rozkład punktacji
Procent ludzi z każdym wynikiem
Percentyl według liczby udzielonych odpowiedzi
Twoja historia wyników
Nie rozwiązałeś tego quizu